Physical metallurgy
Zapisane w:
| Główni autorzy: | , |
|---|---|
| Format: | Książka |
| Język: | angielski |
| Wydane: |
Amsterdam
North-Holland Physics Publishing
1983
|
| Wydanie: | 3a. ed |
| Hasła przedmiotowe: | |
| Etykiety: |
Dodaj etykietę
Nie ma etykietki, Dołącz pierwszą etykiete!
|
MARC
| LEADER | 00000nam a2200000 a 4500 | ||
|---|---|---|---|
| 001 | UCL2563 | ||
| 003 | CL-VaPUC | ||
| 008 | 031024e19830000NE |||||||||||||||||eng|d | ||
| 020 | |a 0444867864v.1 | ||
| 020 | |a 0444867872v.2 | ||
| 082 | 0 | 4 | |a 669.9 |b CAH |2 21 |
| 100 | 0 | |a Cahn, R. W |e author |9 479678 | |
| 700 | |a Haasen, Peter |e author |9 479842 | ||
| 245 | 1 | 0 | |a Physical metallurgy |
| 250 | |a 3a. ed | ||
| 300 | |a v | ||
| 942 | |c BK | ||
| 945 | |d 20031024 00:00:00 |a cmena | ||
| 260 | |a Amsterdam |b North-Holland Physics Publishing |c 1983 | ||
| 650 | 0 | |a Física |9 227844 | |
| 650 | 7 | |a METALURGIA FISICA |2 CL-VaPUC |9 271683 | |
| 650 | 0 | |a Termodinámica |9 259320 | |
| 583 | |a last modification |c 20031024 00:00:00 |k Rodrigo Vera | ||
| 999 | |c 305847 |d 305845 | ||
| 952 | |0 0 |1 0 |4 0 |6 669_900000000000000_CAH_1983 |7 0 |8 A |9 370322 |a BIBCUR |b BIBCUR |d 2019-11-21 |h v.1 |i 2083183 |o 669.9 CAH 1983 |p 2083183 |r 2025-04-22 |w 2019-11-21 |y BK |k FIS | ||
| 952 | |0 0 |1 0 |4 0 |6 669_900000000000000_CAH_1983 |7 0 |8 A |9 370323 |a BIBCUR |b BIBCUR |d 2019-11-21 |h v.2 |i 208368K |o 669.9 CAH 1983 |p 208368K |r 2025-04-22 |w 2019-11-21 |y BK |k FIS | ||
| 952 | |0 0 |1 0 |4 0 |6 669_900000000000000_CAH_1983 |7 0 |8 A |9 370324 |a BIBCUR |b BIBCUR |d 2019-11-21 |h v.2 |i 2083191 |o 669.9 CAH 1983 |p 2083191 |r 2025-04-22 |w 2019-11-21 |y BK |k FIS | ||